000 01149nam a2200289 4500
001 177277
003 ES-MaACL
005 20250817142528.0
008 110311s2007 sp af |||| |dspa d
017 _aM.31.014-2007
020 _a9788493519537
080 _a655.15(460.27 M.)"15/18"
100 1 _aDonoso-Cortés y Mesonero-Romanos, Ricardo.
_945342
245 1 0 _aSeñas de las imprentas de Madrid (1568-1850)
_b: según constan en las portadas o colofones /
_cRicardo Donoso-Cortés y Mesonero-Romanos, marqués de Valdegamas.
260 _aMadrid :
_bInstituto de Estudios Madrileños,
_c2007.
300 _a228 p. :
_bil. ;
_c24 cm.
490 1 _aBiblioteca de estudios madrileños ;
_v38
500 _aÍndices.
650 7 _aImprenta-
_zMadrid (Comunidad Autónoma)
_2
_9145611
650 7 _aImprenta-
_zMadrid (Comunidad Autónoma)
_2
_9145611
710 2 _aInstituto de Estudios Madrileños
_94916
830 0 _aBiblioteca de estudios madrileños ;
_v38
_9185680
852 _aES-MaACL
_9184095
_bR.145741
_jA-11029
_dOlim: N-4034
_cDEPO1
942 _2udc
_cMONOGRAFIA
999 _c177277
_d177277